| 000 | 00641nam a2200205Ia 4500 | ||
|---|---|---|---|
| 005 | 20230810110128.0 | ||
| 008 | 131103s9999 xx 000 0 und d | ||
| 040 | _aLoreto College | ||
| 041 | _aEnglish | ||
| 082 |
_a920 _bSEL |
||
| 100 | _aSelincourt,Aubrey de | ||
| 245 |
_aSix Great Thinkers _b Socrates,St.Augustine,Lord Bacon, Rousseau,Coleridge,John Stuart Mill _cAubrey de Selincourt |
||
| 260 |
_aLondon _bHamish Hamilton _c1958 |
||
| 300 | _a180 p. | ||
| 630 | _aPhilosopher - Biography | ||
| 650 | _aSocrates,St.Augustine,Bacon,Rousseau,Coleridge,Mill,John Stuart | ||
| 651 | _aBiography | ||
| 850 | _aLCLIB | ||
| 942 | _cBK | ||
| 999 |
_c13964 _d64443 |
||